Návrh a realizácia virtuálneho parkovacieho systému v prostredí MATLAB Simulink a jeho prepojenie s PLC simulátorom

Saved in:
Bibliographic Details
Main Author: Valchoňová, Veronika (Author)
Other Authors: Horváth, Dušan (Thesis advisor)
Format: Manuscript Book
Language:Slovak
Published: 2022
Subjects:
Online Access:http://is.stuba.sk/zp/portal_zp.pl?podrobnosti=155461
Tags: Add Tag
No Tags, Be the first to tag this record!

MARC

LEADER 00000ntm a22000003a 4500
001 stuzp88168
003 SK-STU
005 20221108105637.2
007 ta
008 150427s2015----xo-----f-mn---000-0-slo-d
040 |a STU  |b slo 
041 0 |a slo 
100 1 |a Valchoňová, Veronika  |u 067000  |4 aut  |U MTF Materiálovotechnologická fakulta  |T MTF Ústav výskumu progresívnych technológií  |X 103394  |U MN7000  |Y 87  |7 103394 
242 0 1 |a Design and implementation of a virtual parking system in MATLAB Simulink and its connection with PLC simulator  |y eng 
245 1 0 |a Návrh a realizácia virtuálneho parkovacieho systému v prostredí MATLAB Simulink a jeho prepojenie s PLC simulátorom 
260 |c 2022 
650 4 |a parkovisko  |2 slo 
650 4 |a modelovanie  |2 slo 
650 4 |a simulácia  |2 slo 
650 4 |a riadenie  |2 slo 
650 4 |a modeling  |2 eng 
650 4 |a parking lot  |2 eng 
650 4 |a simulation  |2 eng 
650 4 |a control  |2 eng 
700 1 |a Horváth, Dušan  |u 067000  |k Z2  |4 ths  |U MTF Materiálovotechnologická fakulta  |T MTF Ústav výskumu progresívnych technológií  |X 44709  |U MN7000  |Y 87  |7 A000044709 
856 4 |u http://is.stuba.sk/zp/portal_zp.pl?podrobnosti=155461 
996 |c M* BP-9482  |l MMSKP  |s P  |a 0  |w stuzp88168_0001 
996 |c M* BP-9483  |l MMSKP  |s P  |a 0  |w stuzp88168_0002